| 000 | 00812nas a2200277 4500 | ||
|---|---|---|---|
| 001 | BR0800311 | ||
| 003 | BR-BrBNA | ||
| 005 | 20231205111524.0 | ||
| 007 | ta | ||
| 008 | 230509b bl.|||p| |||| 00| 00por d | ||
| 040 |
_aBR-BrBNA _bpor _cBiblioteca Nacional de Agricultura |
||
| 041 | _a(Pt) | ||
| 072 | _aQ02; Q80 | ||
| 100 | 1 | _aCruz, R.S. | |
| 100 | 1 | _aSoares, N. de F.F. | |
| 100 | 1 | _aAndrade, N.J. de | |
| 245 | 1 | _aAbsorvedores de oxigênio na conservação de alimentos: uma revisão | |
| 650 | _aPRESERVAÇÃO DE ALIMENTO | ||
| 650 | _aEMBALAGEM | ||
| 650 | _aFERRO | ||
| 650 | _aOXIGÊNIO | ||
| 650 | _aOXIDAÇÃO | ||
| 773 | 0 |
_tRevista Ceres (Brazil) _xISSN 0034-737X _g(Mar-Apr 2005), v. 52(300) p. 191-206 _wBR0800311 |
|
| 909 |
_a202311 _bLúcia _c55 _dLúcia Elande |
||
| 942 |
_2AGRIS _n0 _cANA |
||
| 999 |
_c193160 _d193160 |
||